[Event "Cesme op-A 11th"]
[Site "Izmir"]
[Date "2025.06.29"]
[Round "9"]
[White "Durucay, Uygar"]
[Black "Akdogan, Alperen"]
[Result "1/2-1/2"]
[WhiteElo "2125"]
[BlackElo "2171"]
[PlyCount "71"]
[EventDate "2025.06.23"]
[EventType "swiss"]
[EventRounds "9"]
[EventCountry "TUR"]
[SourceTitle "CB27_2025"]
[SourceDate "2025.07.02"]
[SourceVersion "1"]
[SourceVersionDate "2025.07.02"]
[SourceQuality "1"]

1. d4 Nf6 2. Nf3 e6 3. Bg5 h6 4. Bh4 b6 5. Nbd2 Bb7 6. c3 d6 7. e3 Nbd7 8. Be2 g5 9. Bg3 Nh5 10. 0-0 Bg7 11. e4 0-0 12. Bd3 g4 13. Ne1 Nxg3 14. hxg3 Qg5 15. Nc2 h5 16. Ne3 Rad8 17. Qa4 a5 18. Qb5 Qxb5 19. Bxb5 c6 20. Bd3 c5 21. d5 Ne5 22. Bb5 Bh6 23. Ndc4 Nxc4 24. Nxc4 exd5 25. Nxb6 dxe4 26. Nd7 Rxd7 27. Bxd7 Rd8 28. Ba4 d5 29. Rab1 Ba6 30. Rfe1 Bd2 31. Red1 Bd3 32. Ra1 Bg5 33. Re1 Bd2 34. Red1 Bg5 35. Re1 Bd2 36. Red1 1/2-1/2

[Event "Cesme op-A 11th"]
[Site "Izmir"]
[Date "2025.06.25"]
[Round "4"]
[White "Akdogan, Alperen"]
[Black "Arjun, Satheesh"]
[Result "0-1"]
[WhiteElo "2171"]
[BlackElo "2017"]
[PlyCount "75"]
[EventDate "2025.06.23"]
[EventType "swiss"]
[EventRounds "9"]
[EventCountry "TUR"]
[SourceTitle "CB27_2025"]
[SourceDate "2025.07.02"]
[SourceVersion "1"]
[SourceVersionDate "2025.07.02"]
[SourceQuality "1"]

1. d4 d5 2. Nf3 Nf6 3. c4 e6 4. g3 Be7 5. Bg2 0-0 6. 0-0 dxc4 7. Qc2 b5 8. a4 b4 9. Ne5 Qxd4 10. Bxa8 Qxe5 11. Bf3 Ba6 12. Bf4 Qa5 13. Nd2 b3 14. Qc1 Qb4 15. Be5 Nd5 16. e4 Nc6 17. Bc3 Nxc3 18. bxc3 Qc5 19. Be2 Rb8 20. Rb1 Na5 21. Qb2 Bb7 22. Rfe1 Bc6 23. Ra1 h5 24. Bf1 h4 25. Nf3 hxg3 26. hxg3 Bf6 27. Re3 g6 28. Bg2 Rd8 29. Bf1 Kg7 30. Qe2 Be7 31. Nd2 Bg5 32. f4 Rd3 33. Kf2 Bf6 34. e5 Be7 35. Nxc4 Rxc3 36. Nd2 Qd4 37. Nf3 Bxf3 38. Qd1 0-1

[Event "TUR-chT 2nd League"]
[Site "Denizli"]
[Date "2024.07.20"]
[Round "8.2"]
[White "Coban, Mete Sadik"]
[Black "Akdogan, Alperen"]
[Result "1/2-1/2"]
[WhiteElo "1942"]
[BlackElo "2179"]
[PlyCount "86"]
[EventDate "2024.07.15"]
[EventType "team-swiss"]
[EventRounds "9"]
[EventCountry "TUR"]
[SourceTitle "EXT 2025"]
[Source "ChessBase"]
[SourceDate "2024.10.14"]
[SourceVersion "1"]
[SourceVersionDate "2024.10.14"]
[SourceQuality "1"]
[WhiteTeam "Sakarya Satranc"]
[BlackTeam "Resul Caner"]
[WhiteTeamCountry "TUR"]
[BlackTeamCountry "TUR"]

1. e4 c6 2. d4 d5 3. Nc3 dxe4 4. Nxe4 Nf6 5. Nxf6+ exf6 6. Nf3 Bd6 7. Be2 0-0 8. 0-0 Bg4 9. Be3 Re8 10. Re1 Nd7 11. c4 Nf8 12. h3 Be6 13. Qd2 Qd7 14. Bf4 Ng6 15. Bxd6 Qxd6 16. Rad1 Rad8 17. Bf1 Bf5 18. Rxe8+ Rxe8 19. Bd3 Bxd3 20. Qxd3 Nf4 21. Qb3 b6 22. Qc2 g6 23. Kf1 Qd7 24. Qc3 Nxh3 25. gxh3 Qxh3+ 26. Kg1 Re4 27. Nh2 Rg4+ 28. Nxg4 Qxg4+ 29. Kh2 Qxd1 30. b4 Qe2 31. Kg2 Qxa2 32. d5 Qe2 33. dxc6 Qe4+ 34. Qf3 Qxc4 35. Qxf6 h6 36. Qd8+ Kh7 37. c7 Qg4+ 38. Kf1 Qc4+ 39. Ke1 Qxb4+ 40. Ke2 Qe4+ 41. Kd2 Qb4+ 42. Ke3 Qc5+ 43. Ke2 Qb5+ 1/2-1/2

[Event "TUR-chT 2nd League"]
[Site "Denizli"]
[Date "2024.07.19"]
[Round "6.2"]
[White "Akdogan, Alperen"]
[Black "Yarar, Muammer Atakan"]
[Result "1-0"]
[WhiteElo "2179"]
[BlackElo "1851"]
[PlyCount "54"]
[EventDate "2024.07.15"]
[EventType "team-swiss"]
[EventRounds "9"]
[EventCountry "TUR"]
[SourceTitle "EXT 2025"]
[Source "ChessBase"]
[SourceDate "2024.10.14"]
[SourceVersion "1"]
[SourceVersionDate "2024.10.14"]
[SourceQuality "1"]
[WhiteTeam "Resul Caner"]
[BlackTeam "Akcakoca Kultur Sanat"]
[WhiteTeamCountry "TUR"]
[BlackTeamCountry "TUR"]

1. d4 Nf6 2. c4 e6 3. g3 d5 4. Bg2 Bb4+ 5. Bd2 Be7 6. Nf3 c6 7. Qc2 0-0 8. 0-0 b6 9. Rd1 Bb7 10. Bf4 Nh5 11. Bc1 Nf6 12. Nbd2 Nbd7 13. e4 Nxe4 14. Nxe4 dxe4 15. Qxe4 Nf6 16. Qe2 Qc8 17. Bf4 Rd8 18. Rac1 h6 19. d5 c5 20. Bh3 Nh5 21. Bd2 f5 22. Re1 Rd6 23. Bxh6 exd5 24. Qxe7 Qd7 25. Re6 Rd8 26. Qxd7 R6xd7 27. Ne5 Rc7 1-0

[Event "TUR-chT 2nd League"]
[Site "Denizli"]
[Date "2024.07.15"]
[Round "1.4"]
[White "Boz, Omer Ege"]
[Black "Akdogan, Alperen"]
[Result "0-1"]
[WhiteElo "1735"]
[BlackElo "2179"]
[PlyCount "70"]
[EventDate "2024.07.15"]
[EventType "team-swiss"]
[EventRounds "9"]
[EventCountry "TUR"]
[SourceTitle "EXT 2025"]
[Source "ChessBase"]
[SourceDate "2024.10.14"]
[SourceVersion "1"]
[SourceVersionDate "2024.10.14"]
[SourceQuality "1"]
[WhiteTeam "Denizli Gelisim"]
[BlackTeam "Resul Caner"]
[WhiteTeamCountry "TUR"]
[BlackTeamCountry "TUR"]

1. Nf3 c5 2. b3 d6 3. e4 e5 4. Bc4 Be7 5. c3 Nf6 6. d4 exd4 7. Qd3 dxc3 8. Nxc3 0-0 9. 0-0 Nc6 10. h3 a6 11. Bf4 b5 12. Bd5 Nb4 13. Qd2 Nbxd5 14. Nxd5 Nxd5 15. Qxd5 Be6 16. Qh5 d5 17. Rfd1 d4 18. Ng5 Bxg5 19. Bxg5 f6 20. Bf4 Rc8 21. Rd2 c4 22. Rad1 d3 23. Qf3 f5 24. bxc4 bxc4 25. Be5 fxe4 26. Qxe4 Bf5 27. Qb7 Qg5 28. Re1 Rf7 29. Qb4 Bxh3 30. Bg3 Bg4 31. Re4 c3 32. Bf4 cxd2 33. Bxd2 Rc1+ 34. Bxc1 Qxc1+ 35. Kh2 h5 0-1

[Event "TUR-chT 1st League"]
[Site "Konya"]
[Date "2022.08.28"]
[Round "9.4"]
[White "Petkov, Momchil"]
[Black "Akdogan, Alperen"]
[Result "1/2-1/2"]
[WhiteElo "2496"]
[BlackElo "2184"]
[PlyCount "111"]
[EventDate "2022.08.22"]
[EventType "team-swiss"]
[EventRounds "9"]
[EventCountry "TUR"]
[SourceTitle "CBM 209 Extra"]
[Source "ChessBase"]
[SourceDate "2022.09.30"]
[SourceVersion "1"]
[SourceVersionDate "2022.09.30"]
[SourceQuality "1"]
[WhiteTeam "Mercan Sanat"]
[BlackTeam "Karaman Saglik"]
[WhiteTeamCountry "TUR"]
[BlackTeamCountry "TUR"]

1. e4 c6 2. Nc3 d5 3. Nf3 Bg4 4. h3 Bxf3 5. Qxf3 e6 6. Be2 Nd7 7. d4 dxe4 8. Nxe4 Ngf6 9. c3 Nxe4 10. Qxe4 Nf6 11. Qc2 Bd6 12. 0-0 Qc7 13. f4 0-0 14. Kh1 Rfe8 15. Bf3 c5 16. dxc5 Bxc5 17. Bd2 e5 18. Rfe1 exf4 19. Rxe8+ Rxe8 20. Qa4 Be3 21. Be1 h6 22. Rd1 Rd8 23. Rxd8+ Qxd8 24. Qb5 b6 25. a4 Qd7 26. Qxd7 Nxd7 27. b4 Ne5 28. Be2 g5 29. c4 Bd4 30. Bd2 Kf8 31. Kh2 Ke7 32. h4 f6 33. a5 Kd6 34. axb6 axb6 35. Bc1 Be3 36. Bb2 f5 37. hxg5 hxg5 38. Kh3 Bf2 39. c5+ bxc5 40. bxc5+ Bxc5 41. Bxe5+ Kxe5 42. g3 fxg3 43. Kxg3 Ke4 44. Bd1 Bd6+ 45. Kg2 g4 46. Bc2+ Kf4 47. Bd3 Kg5 48. Bc2 Kf4 49. Bd3 Ke5 50. Bc2 f4 51. Bd1 Kf5 52. Be2 Kg5 53. Bd1 Kh4 54. Be2 f3+ 55. Bxf3 gxf3+ 56. Kxf3 1/2-1/2

[Event "TUR-chT"]
[Site "Konya"]
[Date "2019.07.27"]
[Round "12.4"]
[White "Akdogan, Alperen"]
[Black "Ozer, Omer Faruk"]
[Result "1/2-1/2"]
[WhiteElo "2193"]
[BlackElo "2369"]
[PlyCount "103"]
[EventDate "2019.07.17"]
[EventType "team-tourn"]
[EventRounds "13"]
[EventCountry "TUR"]
[SourceTitle "CBM 191 Extra"]
[Source "ChessBase"]
[SourceDate "2019.09.30"]
[SourceVersion "1"]
[SourceVersionDate "2019.09.30"]
[SourceQuality "1"]
[WhiteTeam "Karaman Belediye"]
[BlackTeam "Sertel Genclik"]
[WhiteTeamCountry "TUR"]
[BlackTeamCountry "TUR"]

1. d4 Nf6 2. Nf3 e6 3. c4 b6 4. g3 c6 5. Bg2 Be7 6. 0-0 0-0 7. Nbd2 d5 8. Qc2 Bb7 9. e4 Na6 10. e5 Nd7 11. cxd5 Nb4 12. Qb3 cxd5 13. a3 Nc6 14. Re1 a5 15. Nf1 a4 16. Qd1 b5 17. h4 Na5 18. Rb1 Rc8 19. Bg5 h6 20. Bf4 Re8 21. Ne3 Nb3 22. h5 Nf8 23. Bf1 b4 24. Bd3 bxa3 25. bxa3 Rc3 26. Bb5 Bc6 27. Bxc6 Rxc6 28. Nd2 Nxd4 29. Bxh6 Nf5 30. Qxa4 Qa8 31. Qxa8 Rxa8 32. Nxf5 exf5 33. Be3 Ne6 34. Nf3 Rc7 35. Rec1 Rd7 36. a4 d4 37. Bd2 Rxa4 38. Rb8+ Rd8 39. Rxd8+ Bxd8 40. Kf1 Kh7 41. Rb1 Ra7 42. Ke2 Rd7 43. Rb5 Be7 44. Bb4 Bxb4 45. Rxb4 Kh6 46. Kd3 Kxh5 47. Nxd4 f4 48. gxf4 Kg4 49. Ke4 Nxd4 50. Rxd4 Rxd4+ 51. Kxd4 Kxf4 52. Kd5 1/2-1/2

[Event "TUR-chT"]
[Site "Konya"]
[Date "2019.07.18"]
[Round "2.3"]
[White "Esipenko, Andrey"]
[Black "Akdogan, Alperen"]
[Result "1-0"]
[WhiteElo "2621"]
[BlackElo "2193"]
[PlyCount "47"]
[EventDate "2019.07.17"]
[EventType "team-tourn"]
[EventRounds "13"]
[EventCountry "TUR"]
[SourceTitle "CBM 191 Extra"]
[Source "ChessBase"]
[SourceDate "2019.09.30"]
[SourceVersion "1"]
[SourceVersionDate "2019.09.30"]
[SourceQuality "1"]
[WhiteTeam "Besiktas Jimnastik"]
[BlackTeam "Karaman Belediye"]
[WhiteTeamCountry "TUR"]
[BlackTeamCountry "TUR"]

1. e4 d5 2. exd5 Qxd5 3. Nc3 Qd6 4. d4 Nf6 5. Nf3 Bg4 6. h3 Bh5 7. g4 Bg6 8. Bg2 Nc6 9. 0-0 0-0-0 10. Nb5 Qd7 11. Qe2 a6 12. a4 e6 13. Rd1 Bd6 14. c4 h6 15. Be3 Ne4 16. c5 Be7 17. Ne5 Nxe5 18. dxe5 Qxd1+ 19. Rxd1 Rxd1+ 20. Qxd1 axb5 21. axb5 Rd8 22. Qa4 Nxc5 23. Qa8+ Kd7 24. Qa7 1-0

[Event "Wch U20 57th"]
[Site "Manavgat"]
[Date "2018.09.13"]
[Round "9"]
[White "Akdogan, Alperen"]
[Black "Ongut, Tamas Gunes"]
[Result "0-1"]
[WhiteElo "2278"]
[BlackElo "2121"]
[PlyCount "120"]
[EventDate "2018.09.05"]
[EventType "swiss"]
[EventRounds "11"]
[EventCountry "TUR"]
[SourceTitle "CBM 186 Extra"]
[Source "ChessBase"]
[SourceDate "2018.08.24"]
[SourceVersion "1"]
[SourceVersionDate "2018.08.24"]
[SourceQuality "1"]

1. d4 Nf6 2. c4 e6 3. Nf3 c5 4. d5 exd5 5. cxd5 d6 6. Nc3 g6 7. Bf4 Bg7 8. Qa4+ Bd7 9. Qb3 b5 10. Bxd6 Qb6 11. Be5 0-0 12. e3 c4 13. Qd1 b4 14. Ne2 Rc8 15. Nf4 c3 16. Bd3 Qa5 17. 0-0 Nxd5 18. Be4 Nxf4 19. Bxg7 Bc6 20. exf4 Bxe4 21. Qd4 Qd5 22. bxc3 Qxd4 23. Bxd4 bxc3 24. Ne5 c2 25. Ng4 Nd7 26. Rac1 Rc4 27. Be3 h5 28. Ne5 Nxe5 29. fxe5 Ra4 30. f3 Bd3 31. Rf2 Rxa2 32. Rd2 Ra3 33. Bg5 Rc8 34. Kf2 Rb3 35. Ke1 Rc5 36. Bf4 g5 37. Be3 Rxe5 38. Kf2 a5 39. Bd4 Rd5 40. Bf6 Rf5 41. Ba1 Rc5 42. g4 Rb1 43. Rxd3 f6 44. Bb2 Rxb2 45. Ke2 h4 46. Kd2 Kf7 47. Rd8 Rb1 48. Rxc2 Rxc2+ 49. Kxc2 Rf1 50. Rd3 Rf2+ 51. Kc3 Rxh2 52. Kd4 Rg2 53. Rd1 h3 54. Rh1 h2 55. Ke3 Rb2 56. f4 f5 57. fxg5 fxg4 58. Kf4 a4 59. Kf5 g3 60. Rc1 Rb5+ 0-1

[Event "Wch U20 57th"]
[Site "Manavgat"]
[Date "2018.09.05"]
[Round "1"]
[White "Bellahcene, Bilel"]
[Black "Akdogan, Alperen"]
[Result "1-0"]
[WhiteElo "2501"]
[BlackElo "2278"]
[PlyCount "51"]
[EventDate "2018.09.05"]
[EventType "swiss"]
[EventRounds "11"]
[EventCountry "TUR"]
[SourceTitle "CBM 186 Extra"]
[Source "ChessBase"]
[SourceDate "2018.08.24"]
[SourceVersion "1"]
[SourceVersionDate "2018.08.24"]
[SourceQuality "1"]

1. e4 d5 2. exd5 Qxd5 3. Nf3 Bg4 4. Be2 Nc6 5. 0-0 0-0-0 6. h3 Bh5 7. Nc3 Qd7 8. b4 Nf6 9. b5 Bxf3 10. Bxf3 Nd4 11. d3 e6 12. a4 Bb4 13. Bb2 Rhe8 14. a5 Bxc3 15. Bxc3 Nxf3+ 16. Qxf3 Qd5 17. Qe3 Kb8 18. b6 cxb6 19. axb6 a6 20. Ra5 Qc6 21. Be5+ Ka8 22. Rfa1 Rd7 23. Rc5 Nd5 24. Rxc6 Nxe3 25. fxe3 Rd5 26. Bc7 1-0

[Event "TUR-chT 2nd League"]
[Site "Konya"]
[Date "2018.07.17"]
[Round "3.1"]
[White "Akdogan, Alperen"]
[Black "Yakar, Ozan Tuna"]
[Result "1-0"]
[WhiteElo "2310"]
[BlackElo "1842"]
[PlyCount "91"]
[EventDate "2018.07.16"]
[EventType "team-swiss"]
[EventRounds "9"]
[EventCountry "TUR"]
[SourceTitle "EXT 2019"]
[Source "ChessBase"]
[SourceDate "2018.10.10"]
[SourceVersion "1"]
[SourceVersionDate "2018.10.10"]
[SourceQuality "1"]
[WhiteTeam "Ankara DSI Genclik"]
[BlackTeam "Mugla Ortaca Belediye"]
[WhiteTeamCountry "TUR"]
[BlackTeamCountry "TUR"]

1. d4 Nf6 2. Nf3 g6 3. c4 Bg7 4. Nc3 0-0 5. e4 d6 6. h3 c5 7. d5 e6 8. Bd3 exd5 9. exd5 Re8+ 10. Be3 Bh6 11. 0-0 Rxe3 12. fxe3 Bxe3+ 13. Kh1 Nh5 14. Qe1 Bf4 15. Ne2 Bh6 16. Qf2 Bg7 17. Rae1 Nd7 18. Ng5 Nhf6 19. Ne4 Qf8 20. Nxf6+ Bxf6 21. Ng3 Bg7 22. b3 Ne5 23. Bb1 Bd7 24. Ne4 f5 25. Nd2 Re8 26. a3 Re7 27. b4 b6 28. bxc5 bxc5 29. Bc2 Qc8 30. Rb1 Re8 31. Rfe1 Qa6 32. Qg3 Bh6 33. Nf3 Qxa3 34. Qh4 Bg7 35. Nxe5 dxe5 36. Rb7 Bc8 37. Re7 Rf8 38. d6 Qc3 39. Re2 e4 40. d7 Qxc4 41. dxc8Q Rxc8 42. Rd2 Kh8 43. Rxg7 Kxg7 44. Rd7+ Kg8 45. Qxh7+ Kf8 46. Qg7+ 1-0

[Event "Lvov Tradition IM 06"]
[Site "Lvov"]
[Date "2018.06.11"]
[Round "1"]
[White "Akdogan, Alperen"]
[Black "Mirzoev, Emil"]
[Result "0-1"]
[WhiteElo "2260"]
[BlackElo "2421"]
[PlyCount "82"]
[EventDate "2018.06.11"]
[EventType "schev"]
[EventRounds "10"]
[EventCountry "UKR"]
[SourceTitle "CBM 184 Extra"]
[Source "ChessBase"]
[SourceDate "2018.06.28"]
[SourceVersion "1"]
[SourceVersionDate "2018.06.28"]
[SourceQuality "1"]
[WhiteTeam "Turkey"]
[BlackTeam "Ukraine"]
[WhiteTeamCountry "TUR"]
[BlackTeamCountry "UKR"]

1. d4 Nf6 2. Nf3 d5 3. c4 e6 4. g3 Bb4+ 5. Bd2 Bd6 6. Bg2 c6 7. Qc2 0-0 8. 0-0 Nbd7 9. Rd1 Ne4 10. Be1 f5 11. Nc3 Qe7 12. a3 a5 13. Rab1 g5 14. e3 g4 15. Nxe4 fxe4 16. Nd2 h5 17. b4 axb4 18. axb4 Bxb4 19. cxd5 exd5 20. Qb3 Bd6 21. Bxe4 Ra3 22. Bxd5+ Kh8 23. Qc4 cxd5 24. Qxd5 Nf6 25. Qg5 Ra4 26. Rb6 Bc7 27. Qh6+ Nh7 28. Rb5 Qe8 29. Qxh5 Qxh5 30. Rxh5 Bf5 31. Rc1 Ba5 32. Nb3 Bxe1 33. Rxe1 Ra2 34. Rc1 Bg6 35. Rb5 Rfxf2 36. Rc8+ Kg7 37. Rxb7+ Kh6 38. Nc1 Rg2+ 39. Kf1 Raf2+ 40. Ke1 Ng5 41. Rh8+ Bh7 0-1

[Event "TUR Cup										"]
[Site "Antalya"]
[Date "2018.02.03"]
[Round "11"]
[White "Akdogan, Alperen"]
[Black "Tarlabasi, Emirhan"]
[Result "1/2-1/2"]
[WhiteElo "2262"]
[BlackElo "2060"]
[PlyCount "42"]
[EventDate "2018.01.27"]
[EventType "swiss"]
[EventRounds "11"]
[EventCountry "TUR"]
[SourceTitle "CBM 182 Extra"]
[Source "ChessBase"]
[SourceDate "2018.02.23"]
[SourceVersion "1"]
[SourceVersionDate "2018.02.23"]
[SourceQuality "1"]

1. d4 d5 2. c4 e6 3. Nf3 Nf6 4. g3 Be7 5. Bg2 0-0 6. 0-0 dxc4 7. Qc2 a6 8. a4 Bd7 9. Rd1 Bc6 10. Nc3 Bxf3 11. Bxf3 Nc6 12. Bxc6 bxc6 13. Bg5 Nd5 14. Bxe7 Qxe7 15. Ne4 Qb4 16. Rdc1 Rfb8 17. e3 a5 18. Qxc4 Qxc4 19. Rxc4 Rxb2 20. Rxc6 h6 21. Rac1 Ra2 1/2-1/2

[Event "TUR Cup										"]
[Site "Antalya"]
[Date "2018.02.01"]
[Round "9"]
[White "Gulbeyaz, Emir"]
[Black "Akdogan, Alperen"]
[Result "1/2-1/2"]
[WhiteElo "2087"]
[BlackElo "2262"]
[PlyCount "142"]
[EventDate "2018.01.27"]
[EventType "swiss"]
[EventRounds "11"]
[EventCountry "TUR"]
[SourceTitle "CBM 182 Extra"]
[Source "ChessBase"]
[SourceDate "2018.02.23"]
[SourceVersion "1"]
[SourceVersionDate "2018.02.23"]
[SourceQuality "1"]

1. Nf3 d6 2. e4 e5 3. d4 Nd7 4. Bc4 Be7 5. dxe5 Nxe5 6. Nxe5 dxe5 7. Qh5 g6 8. Qxe5 Nf6 9. Bh6 Qd6 10. Qxd6 cxd6 11. Nc3 Be6 12. Bb5+ Nd7 13. 0-0-0 a6 14. Bxd7+ Kxd7 15. Bf4 Rhd8 16. Nd5 Bxd5 17. Rxd5 Ke6 18. Rhd1 f6 19. b3 b5 20. R1d4 Rac8 21. a4 Rc5 22. Rxc5 dxc5 23. Rxd8 Bxd8 24. axb5 axb5 25. c4 bxc4 26. bxc4 f5 27. f3 fxe4 28. fxe4 g5 29. Bb8 Bf6 30. h3 Be5 31. Ba7 Bd6 32. Kd2 Be7 33. Ke3 Bd6 34. Bb6 h5 35. Bd8 g4 36. hxg4 hxg4 37. Bg5 Be5 38. Bf4 Bf6 39. Bh6 Be5 40. Bf8 Bh2 41. Kf2 Ke5 42. Bxc5 Kxe4 43. Bb6 Be5 44. Ke2 Bf4 45. Bf2 g3 46. Bc5 Bc7 47. Bf8 Bb6 48. c5 Ba5 49. Be7 Kd5 50. Kf3 Be1 51. Bd6 Bf2 52. Kg4 Ke6 53. Kf4 Kd5 54. Kf5 Be1 55. Kg4 Bf2 56. Bxg3 Bxc5 57. Kf5 Be3 58. Bf4 Bf2 59. g4 Bh4 60. Bg5 Bf2 61. Bf6 Kd6 62. Kg6 Ke6 63. Bg5 Bd4 64. Bf4 Bf6 65. Kh6 Kf7 66. Kh7 Bh4 67. Be3 Bf6 68. Bb6 Bg5 69. Bd4 Bh4 70. Bf2 Bxf2 71. g5 Bd4 1/2-1/2